000 00461nam a2200181Ia 4500
008 210210b1988 xxu||||| |||| 00| 0 eng d
041 _aeng
082 _a513/232 UGC
100 _aNARAYANAN (S)
245 _aDifferential equations
260 _aMadras
_bS Viswanathan Pvt. Ltd.
_c1988
300 _a261
650 _aequations
650 _aDifferential
690 _aDifferential Equations
700 _aPILLAY (T K Manicavachagom)
906 _a042353
999 _c128214
_d128214